Kabale University Library Catalogue

Normal view MARC view
  • English language

Entry Topical Term

Number of records used in: 1

001 - CONTROL NUMBER

  • control field: 4955

003 - CONTROL NUMBER IDENTIFIER

  • control field: OSt

005 - DATE AND TIME OF LATEST TRANSACTION

  • control field: 20200921101611.0

008 - FIXED-LENGTH DATA ELEMENTS

  • fixed length control field: 200921|| aca||aabn | a|a d

040 ## - CATALOGING SOURCE

  • Original cataloging agency: OSt
  • Transcribing agency: OSt

150 ## - HEADING--TOPICAL TERM

  • Topical term or geographic name entry element: English language

670 ## - SOURCE DATA FOUND

  • Source citation: Work cat.: (OSt)0: Brennan, Maynard J. (Maynard James), 1921- 4953, Compact Handbook of College Composition /, [1972].

Kabale University Library | Kabale University P.O Box 317, Kabale, Uganda
Tel : +256754017033, +256774661503 E-mail : library@kab.ac.ug